banner-ar

اطلس الحج والعمرة : (Record no. 60989)

MARC details
000 -الفاتح
حقل البيانات ثابتة الطول 01225nam a22003137a 4500
005 - وقت وتاريخ اخر تعامل مع التسجيلة
رقم الضبط 20240530110438.0
008 - عناصر البيانات ثابتة الطول - معلومات عامة
حقل البيانات ثابتة الطول 150329s2010 su bdeog b 00| 0 ara d
017 ## - رقم الايداع القانونى
رقم الايداع القانونى 1431/7520
المصدر ( الهيئة المختصة) السعودية . مكتبة الملك فهد
020 ## - الرقم الدولى المعيارى للكتب
الرقم الدولى المعيارى للكتاب 9786035030397
040 ## - مصدر الفهرسة
وكالة الفهرسة الأصلية EG-CaGPL
082 04 - رقم تصنيف ديوى العشرى
رقم الطبعة 21
رقم التصنيف 215.95312\
رقم المادة س أ
100 0# - المدخل الرئيسى - إسم شخصى
الإسم الشخصى سامى بن عبدالله بن احمد المغلوث
245 10 - بيان العنوان
العنوان اطلس الحج والعمرة :
بقية العنوان تأريخا وفقها /
بيان المسئوليه,etc تاليف وتصميم سامى بن عبدالله بن احمد المغلوث
250 ## - بيان الطبعة
بيان الطبعة ط1
260 ## - PUBLICATION, DISTRIBUTION, ETC. (IMPRINT)
تاريخ النشر أو التوزيع 2010
300 ## - الوصف المادى
التعداد 352 ص :
تفاصيل ماديه اخرى للوعاء ايض ؛
أبعاد الوعاء 30 سم
504 ## - تبصرة ببليوجرافية
تبصرة ببليوجرافية,الخ يشتمل على ارجاعات ببليوجرافية
650 04 - المدخل الاضافى بالموضوع-مصطلح موضوعى
مصطلح موضوعي الاطالس
650 04 - المدخل الاضافى بالموضوع-مصطلح موضوعى
مصطلح موضوعي الاحرام
650 04 - المدخل الاضافى بالموضوع-مصطلح موضوعى
مصطلح موضوعي العمرة
650 04 - المدخل الاضافى بالموضوع-مصطلح موضوعى
مصطلح موضوعي الحج
التقسيم الفرعي العام الخروج من منى والوقوف بعرفة
650 04 - المدخل الاضافى بالموضوع-مصطلح موضوعى
مصطلح موضوعي الطواف بالكعبة
650 04 - المدخل الاضافى بالموضوع-مصطلح موضوعى
مصطلح موضوعي السعى بين الصفا والمروة
650 04 - المدخل الاضافى بالموضوع-مصطلح موضوعى
مصطلح موضوعي طواف الوداع
650 04 - المدخل الاضافى بالموضوع-مصطلح موضوعى
مصطلح موضوعي الحج
التقسيم الفرعي العام مناسك
651 04 - المدخل الاضافى بالموضوع - اسم جغرافى
الاسم الجغرافي مكة المكرمة
التقسيم الفرعي الشكلي الخرائط
942 ## - عناصر المدخل الإضافي( كوها)
مصدر التصنيف او مخطط الترفيف Dewey Decimal Classification
Koha [default] item type كتاب
260 ## - PUBLICATION, DISTRIBUTION, ETC. (IMPRINT)
-- الرياض :
-- مكتبة العبيكان ،
Holdings
حالة التراجع حالة الفقد حالة تلف ليس للاعارة المكان المؤقت الموقع الحالى تاريخ الاكتساب اجمالي اﻻعارات رقم الطلب الباركود تاريخ اخر مشاهدة تاريخ تفعيل السعر نوع وعاء كوها
        مكتبة القاهرة الكبرى مكتبة القاهرة الكبرى 04/14/2015   215.95312\ س أ 160185 04/14/2015 04/14/2015 كتاب

Powered By

EGPV